La Economía cubana en los primeros años de la revolución y otros ensayos

محفوظ في:
التفاصيل البيبلوغرافية
المؤلف الرئيسي: Noyola, Juan F.
التنسيق: نص
منشور في: México, D.F.: Siglo XXI
الوسوم: إضافة وسم
لا توجد وسوم, كن أول من يضع وسما على هذه التسجيلة!

MARC

LEADER 00000 a a2200000 04500
001 22573
003
040
020 |a 968-23-0239-0  
090 |a 154600  
100 |a Noyola, Juan F.  
245 |a La Economía cubana en los primeros años de la revolución y otros ensayos  
260 |a México, D.F.:   |b Siglo XXI  
300 |a 279 p  
999 |c 1719  |d 1719